Akta Bekalan Elektrik 1990(Akta 447) & Akta Bekalan Elektrik[Syarikat Pengganti]1990(Akta 448)

Bibliographic Details
Format: Book
Published: Kuala Lumpur : ILBS , 1995
Subjects:

MARC

LEADER 00000cam a2200000 7i4500
001 0000009152
002 000009967
005 20000330.0
020 |a 9678907046 
090 0 0 |a 343.0929   |b MAL 
245 0 0 |a Akta Bekalan Elektrik 1990(Akta 447) & Akta Bekalan Elektrik[Syarikat Pengganti]1990(Akta 448) 
260 |a Kuala Lumpur :   |b ILBS ,   |c 1995 
650 0 0 |a Akta 447 
650 0 0 |a Akta 448 
650 0 0 |a Law   |z Malaysia 
999 |a 048565   |b AKTA - KOLEKSI UNDANG-UNDANG   |c AKTA   |e PERPUSTAKAAN KOMUNITI PETALING JAYA